000 00789nam a22001577a 4500
003 OSt
005 20151031163052.0
008 151031b xxu||||| |||| 00| 0 eng d
040 _cRUA
082 _aAGR RO 2006 B033 Or.1
100 _93092
_aRO, SOPHOANRITH.
245 _aEffect of fertilizer and watermanagement on sen pidao rice at crop station in royal univercity of agriculture, ប្រសិទ្ធភាពជី និងការគ្រប់គ្រងទឹកទៅលើពូជស្រូកសែនពិដោរនៅស្ថានីយ៍ពិសោធន៍ដំណាំនៃសាកលវិទ្យាល័យភូមិន្ទួកសិកម្ម
260 _aPhnom Penh
_bRUA
_c2006
300 _axiii; 47p.
_bill.
_c29cm.
942 _2ddc
_cAGR
999 _c2882
_d2882